000 01037nam2a22002771 4500
001 v19\rc\1417895
005 20250618030549.0
035 _a(NLR Aleph) 004460237
090 _a4514785
_c4514785
100 _a20060512d1888 |||y0rusy50 ca
101 0 _arus
102 _aRU
105 _ay z |||||
200 0 _aза 1886 год
_fСост. зем. врач В. Уклеин
210 _d1888
_aБ. м.
215 _a[4], 81 с.
461 0 _1001v19\rc\1417890
_12001#$aМедико-статистический отчет по Конотопскому уезду$vза 1886 год$90
_94514763
_cКонотоп
_d1882-1912
_tМедико-статистический отчет по Конотопскому уезду
_vза 1886 год$90
702 1 _aУклеин
_bВ.
_4220
801 0 _aRU
_bNLR
_gpsbo
801 0 _aRU
_bRuMoRGB
_2psbo
801 1 _aRU
_bProSoft-M
_2rusmarc
852 _aNLR
_bЗем
_j46-6/О2
899 _aRuMoRGB (1882-1910*)
_jA 198/133
899 _aRuMoRGB (1882-1910*)
_jU 89/22
942 _cBOOK
980 _aNB